Statistics for Five Countries with the Most Billionaires by Continent

Click here to take the quiz!

General Stats

  • This quiz has been taken 957 times
  • The average score is 22 of 25

Answer Stats

#Answer% Correct
268China
99%
540United States
99%
33Canada
98%
14Mexico
98%
31Brazil
97%
40France
97%
120Germany
97%
7South Africa
97%
120United Kingdom
97%
5Argentina
95%
8Egypt
95%
84India
95%
88Russia
95%
12Chile
94%
43Italy
93%
6Peru
91%
3Colombia
90%
5Nigeria
86%
30South Korea
85%
3Morocco
73%
1Guatemala
68%
33Taiwan
65%
30Turkey
64%
2Tanzania
52%
1St. Kitts & Nevis
43%

Score Distribution

Percentile by Number Answered

Percent of People with Each Score

Your Score History

You have not taken this quiz